00326 a2200109 4500020001500000082001500015100001900030245008200049260004200131300003000173650001300203 a9694072575 a954.91 SHA aSharrif, K, M. aPakistan Almanac 2002-2003 Essential Data on PakistancEdited by K. M. Shriff aPakistan :bRoyal Book Company,c2003 ax, 568p. :bill. ;c28 cm aPakistan